<?xml version="1.0" encoding="UTF-8"?>
<record
    xmlns:xsi="http://www.w3.org/2001/XMLSchema-instance"
    xsi:schemaLocation="http://www.loc.gov/MARC21/slim http://www.loc.gov/standards/marcxml/schema/MARC21slim.xsd"
    xmlns="http://www.loc.gov/MARC21/slim">

  <leader>00471nam a2200133   4500</leader>
  <controlfield tag="008">707 C755p</controlfield>
  <datafield tag="020" ind1=" " ind2=" ">
    <subfield code="a">9789563522488</subfield>
  </datafield>
  <datafield tag="082" ind1=" " ind2=" ">
    <subfield code="a">707</subfield>
    <subfield code="b">C755p</subfield>
  </datafield>
  <datafield tag="245" ind1=" " ind2=" ">
    <subfield code="a">Programa traslado:</subfield>
    <subfield code="b">artes de la visualidad en Chile</subfield>
  </datafield>
  <datafield tag="260" ind1=" " ind2=" ">
    <subfield code="a">Chile</subfield>
    <subfield code="c">2017</subfield>
  </datafield>
  <datafield tag="300" ind1=" " ind2=" ">
    <subfield code="a">245 p.</subfield>
    <subfield code="b">ill. (col)</subfield>
    <subfield code="c">24 x 16.5 cm</subfield>
  </datafield>
  <datafield tag="650" ind1=" " ind2=" ">
    <subfield code="x">arte contempor&#xE1;neo</subfield>
    <subfield code="x">artes visuales</subfield>
    <subfield code="x">arte informaci&#xF3;n</subfield>
    <subfield code="x">investigaci&#xF3;n curatorial</subfield>
    <subfield code="x">arte exhibici&#xF3;n</subfield>
    <subfield code="x">Chile</subfield>
    <subfield code="9">6310</subfield>
  </datafield>
  <datafield tag="710" ind1=" " ind2=" ">
    <subfield code="a">Consejo Nacional de la Cultura y las Artes</subfield>
    <subfield code="9">6311</subfield>
  </datafield>
  <datafield tag="999" ind1=" " ind2=" ">
    <subfield code="c">1458</subfield>
    <subfield code="d">1458</subfield>
  </datafield>
  <datafield tag="952" ind1=" " ind2=" ">
    <subfield code="0">0</subfield>
    <subfield code="1">0</subfield>
    <subfield code="2">ddc</subfield>
    <subfield code="4">0</subfield>
    <subfield code="7">0</subfield>
    <subfield code="a">LV</subfield>
    <subfield code="b">LV</subfield>
    <subfield code="c">Pensamiento</subfield>
    <subfield code="d">2018-05-24</subfield>
    <subfield code="l">0</subfield>
    <subfield code="o">707 C755p</subfield>
    <subfield code="p">004588</subfield>
    <subfield code="r">2018-05-24 00:00:00</subfield>
    <subfield code="w">2018-05-24</subfield>
    <subfield code="y">01</subfield>
  </datafield>
</record>
